The next 100 years : (Record no. 1067)

000 -LEADER
fixed length control field 01069nam a22003377a 4500
001 - CONTROL NUMBER
control field 15331789
003 - CONTROL NUMBER IDENTIFIER
control field OSt
005 - DATE AND TIME OF LATEST TRANSACTION
control field 20210426124741.0
008 - FIXED-LENGTH DATA ELEMENTS--GENERAL INFORMATION
fixed length control field 080616s2009 nyub 000 0 eng
010 ## - LIBRARY OF CONGRESS CONTROL NUMBER
LC control number 2008026423
020 ## - INTERNATIONAL STANDARD BOOK NUMBER
International Standard Book Number 9780385517058
040 ## - CATALOGING SOURCE
Original cataloging agency DLC
Transcribing agency DLC
Modifying agency DLC
050 00 - LIBRARY OF CONGRESS CALL NUMBER
Classification number JZ1305
Item number .F75 2009
080 ## - UNIVERSAL DECIMAL CLASSIFICATION NUMBER
Universal Decimal Classification number 32
Item number F-92
082 00 - DEWEY DECIMAL CLASSIFICATION NUMBER
Classification number 303.49
Edition number 22
100 1# - MAIN ENTRY--PERSONAL NAME
Personal name Friedman, George.
245 14 - TITLE STATEMENT
Title The next 100 years :
Remainder of title a forecast for the 21st century /
Statement of responsibility, etc. George Friedman.
246 30 - VARYING FORM OF TITLE
Title proper/short title Next hundred years
250 ## - EDITION STATEMENT
Edition statement 1st ed.
260 ## - PUBLICATION, DISTRIBUTION, ETC.
Place of publication, distribution, etc. New York :
Name of publisher, distributor, etc. Doubleday,
Date of publication, distribution, etc. c2009.
300 ## - PHYSICAL DESCRIPTION
Extent xii, 253 p. :
Other physical details maps ;
Dimensions 25 cm.
365 ## - TRADE PRICE
Price amount 25.95 usd
650 #0 - SUBJECT ADDED ENTRY--TOPICAL TERM
Topical term or geographic name entry element International relations
General subdivision History
Chronological subdivision 21st century.
650 #0 - SUBJECT ADDED ENTRY--TOPICAL TERM
Topical term or geographic name entry element Twenty-first century
Form subdivision Forecasts.
650 #0 - SUBJECT ADDED ENTRY--TOPICAL TERM
Topical term or geographic name entry element World politics
Chronological subdivision 21st century
General subdivision Forecasting.
650 #0 - SUBJECT ADDED ENTRY--TOPICAL TERM
Topical term or geographic name entry element International relations
General subdivision Forecasting.
653 ## - INDEX TERM--UNCONTROLLED
Uncontrolled term პოლიტიკა
906 ## - LOCAL DATA ELEMENT F, LDF (RLIN)
a 7
b cbc
c orignew
d 1
e ecip
f 20
g y-gencatlg
942 ## - ADDED ENTRY ELEMENTS (KOHA)
Source of classification or shelving scheme
Koha item type Books
Holdings
Withdrawn status Lost status Source of classification or shelving scheme Damaged status Not for loan Permanent location Current location Date acquired Inventory number Total Checkouts Full call number Barcode Date last seen Price effective from Koha item type
          Ken Walker International University Ken Walker International University 02/01/2021 577   32 F-92 577 02/01/2021 02/01/2021 Books
          Ken Walker International University Ken Walker International University 02/16/2021 1249   32 F-92 1249 02/16/2021 02/16/2021 Books

Powered by Koha